Online
Catalog

Los cinco sentidos : (Record no. 1993)

MARC details
000 -CABECERA
campo de control de longitud fija 00739cam a2200205 a 4500
001 - NÚMERO DE CONTROL
campo de control 000002142
005 - FECHA Y HORA DE LA ÚLTIMA TRANSACCIÓN
campo de control 20200929145840.0
008 - DATOS DE LONGITUD FIJA--INFORMACIÓN GENERAL
campo de control de longitud fija 751120s1968 pr a 000 f spa
040 ## - FUENTE DE LA CATALOGACIÓN
Centro catalogador/agencia de origen DO-SdBNP
Lengua de catalogación spa
Centro/agencia transcriptor BNPHU
082 ## - NÚMERO DE LA CLASIFICACIÓN DECIMAL DEWEY
Número de clasificación PR863.5
Número de documento/Ítem B641c, 1968
100 1# - ENTRADA PRINCIPAL--NOMBRE DE PERSONA
Nombre de persona Blanco, Tomás,
Fechas asociadas al nombre 1896-1975
9 (RLIN) 6858
245 14 - MENCIÓN DE TÍTULO
Título Los cinco sentidos :
Resto del título cuaderno suelto de un inventario de cosas nuestras con decoraciones de Irene Delano /
Mención de responsabilidad, etc. Tomás Blanco.
250 ## - MENCIÓN DE EDICIÓN
Mención de edición 2a ed.
260 ## - PUBLICACIÓN, DISTRIBUCIÓN, ETC.
Lugar de publicación, distribución, etc. San Juan de Puerto Rico :
Nombre del editor, distribuidor, etc. Instituto de Cultura Puertorriqueña,
Fecha de publicación, distribución, etc. 1968.
300 ## - DESCRIPCIÓN FÍSICA
Extensión 77 p. :
Otras características físicas il. ;
Dimensiones 18 cm.
490 0# - MENCIÓN DE SERIE
Mención de serie Biblioteca popular
650 #4 - PUNTO DE ACCESO ADICIONAL DE MATERIA--TÉRMINO DE MATERIA
Término de materia o nombre geográfico como elemento de entrada Novela puertorriqueña
9 (RLIN) 1185
650 #4 - PUNTO DE ACCESO ADICIONAL DE MATERIA--TÉRMINO DE MATERIA
Término de materia o nombre geográfico como elemento de entrada Literatura puertorriqueña
9 (RLIN) 250
830 #0 - PUNTO DE ACCESO ADICIONAL DE SERIE-TÍTULO UNIFORME
Título uniforme Biblioteca popular
9 (RLIN) 5059
Holdings
Estado de retiro Estado de pérdida Restricciones de uso No para préstamo Código de colección Localización permanente Ubicación/localización actual Ubicación en estantería Fecha de adquisición Número de inventario Total de préstamos Signatura topográfica completa Código de barras Fecha visto por última vez Precio válido a partir de Tipo de ítem Koha Número de copia
    Préstamo interno   Monografías: Libros y Folletos General General Depósito 03.07.2009 LF1   PR863.5 B641c, 1968 2142-10 25.06.2020 25.06.2020 Préstamo interno  
  Extraviado   Excluido de préstamo Monografías: Libros y Folletos General General Extraviado 07.06.2017 LF1   PR863.5 B641c, 1968 2142-20 25.06.2020 25.06.2020 No se presta e. 2

Powered by Koha